000
00332nam a2200145Ia 4500
008
230718s9999 xx 000 0 und d
041
_a
Eng.
082
_a
342.5
_b
MAH-P
100
_a
Mahmood Zahid
245
0
_a
Punjab civil service laws
260
_a
Pakistan
_b
Nadeem law
_c
2012
300
_a
338
650
_a
Law
999
_c
30435
_d
30435